<?xml version="1.0" encoding="UTF-8"?>
<marc:record xmlns:marc="http://www.loc.gov/MARC21/slim">
   <marc:leader>00000nam a2200000 a 4500</marc:leader>
   <marc:datafield ind1="1" ind2=" " tag="100">
      <marc:subfield code="a">Kraske, Eva-Maria</marc:subfield>
      <marc:subfield code="4">aut</marc:subfield>
      <marc:subfield code="e">Verfasser/-in</marc:subfield>
   </marc:datafield>
   <marc:datafield ind1="0" ind2="0" tag="245">
      <marc:subfield code="a">Säure-Basen-Balance</marc:subfield>
   </marc:datafield>
   <marc:datafield ind1="0" ind2="0" tag="245">
      <marc:subfield code="b">Schlüssel zu mehr Wohlbefinden</marc:subfield>
   </marc:datafield>
   <marc:datafield ind1="0" ind2="0" tag="245">
      <marc:subfield code="c">Eva-Maria Kraske</marc:subfield>
   </marc:datafield>
   <marc:datafield ind1=" " ind2="1" tag="264">
      <marc:subfield code="b">Gräfe und Unzer</marc:subfield>
      <marc:subfield code="c">2013</marc:subfield>
   </marc:datafield>
   <marc:datafield ind1="1" ind2=" " tag="490">
      <marc:subfield code="a">GU-Ratgeber Gesundheit</marc:subfield>
   </marc:datafield>
   <marc:datafield ind1="1" ind2=" " tag="520">
      <marc:subfield code="a">Ein unausgeglichener Säure-Basen-Haushalt durch ungesunde Ernährung, Stress und mangelnde Bewegung kann zu einer Vielzahl von Alltagsbeschwerden, aber auch Zivilisationskrankheiten wie Gicht, Allergien und Rheuma führen. Durch die Wiederherstellung des Gleichgewichts - vor allem durch eine basenreiche Ernährung - lassen sich viele dieser Beschwerden lindern, oder sogar heilen. Der Ratgeber vermittelt wichtige Grundkenntnisse, hilft Störungen, Ursachen und Folgekrankheiten zu erkennen und diesen entgegenzuwirken. Darüber hinaus erleichtert die 8-Tage Kur für Körper &amp; Seele mit vielen leckeren Rezepten, wohltuenden Anwendungen, entspannenden Meditations- und Atemübungen den Einstieg in ein gesundes und vitales Leben in Balance.</marc:subfield>
   </marc:datafield>
   <marc:datafield ind1=" " ind2=" " tag="020">
      <marc:subfield code="a">9783833834127</marc:subfield>
      <marc:subfield code="9">9783833834127</marc:subfield>
   </marc:datafield>
   <marc:datafield ind1="0" ind2=" " tag="490">
      <marc:subfield code="v">0</marc:subfield>
   </marc:datafield>
   <marc:datafield ind1=" " ind2=" " tag="300">
      <marc:subfield code="a">127 S. : Ill., graph. Darst.</marc:subfield>
   </marc:datafield>
</marc:record>
